000 00737nmc a2200265 a 4500
003 AR-BaBNM
005 20251128203539.0
008 067119s1965 ||||||||||||||000 | spa||
040 _cAR-BaBNM
100 1 _aDepouilly, Jacques
245 1 0 _aNiños y primitivos
_barte primitivo, arte ingenuo, arte infantil
260 _aBuenos Aires
_bKapelusz
_c1965
300 0 _a87 p.
_bil.
490 0 _aTécnicas de la educación artística
650 4 _aEDUCACION ARTISTICA
650 4 _aARTE ANTIGUO
650 4 _aARTE PREHISTORICO
650 4 _aESPACIO
650 4 _aCREATIVIDAD
650 4 _aDISENO ARTISTICO
700 1 _aThomas, Juan Jorge
_etraductor
700 1 _aCassou, Jean
_eprologuista
942 _cBK
998 _cCarmen
999 _c3887
_d3887